| 000 | 00721nam a2200205 a 4500 | ||
|---|---|---|---|
| 001 | 000009684 | ||
| 005 | 20200929161653.0 | ||
| 008 | 091001s1994 dr 001 0 spa d | ||
| 040 |
_aDO-SdBNP _bspa _cBNPHU |
||
| 082 |
_aCu861.44 _bB532u |
||
| 100 | 1 |
_aBarquet, Jesús J., _d1953- _911368 |
|
| 245 | 1 | 0 |
_aUn no rompido sueño / _cJesús J. Barquet. |
| 260 |
_aSanto Domingo : _bEdiciones Punto Creativo, _c1994. |
||
| 300 |
_a100 p. ; _c21 cm. |
||
| 586 | _aPremio en el Concurso de Poesía Chicana / Latina en los Estados Unidos de la Universidad de California en Irvine en 1993 | ||
| 650 | 4 |
_aPoesía cubana _95226 |
|
| 650 | 4 |
_aLiteratura cubana _91483 |
|
| 910 | _aValidado. Control de calidad BNPHU | ||
| 049 | _aBNPD | ||
| 999 |
_c9444 _d9444 |
||